LEADER 01154nam0-22003371i-450- 001 990007843520403321 005 20140715193038.0 010 $a88-495-0381-4 035 $a000784352 035 $aFED01000784352 035 $a(Aleph)000784352FED01 035 $a000784352 100 $a20031210d2002----km-y0itay50------ba 101 0 $aita 102 $aIT 200 1 $a<>approccio strategico alla pianificazione$euna verifica concettuale ed empirica di un caso di studio$ele trasformazioni urbane di Barcellona$fTeresa Amodio 210 $aNapoli$cEdizioni scientifiche italiane$dc2002 215 $a287 p.$d24 cm 225 1 $aPubblicazioni della Facoltà di economia, Università degli studi del Sannio, Benevento. Sezione economica$v8 610 0 $aBarcellona$aPianificazione 676 $a307.121 609 467 2 700 1$aAmodio,$bTeresa$0276075 801 0$aIT$bUNINA$gRICA$2UNIMARC 901 $aBK 912 $a990007843520403321 952 $aUniv. 263 (8)$b39294$fFSPBC 952 $aURB.LE B 1932$b12886$fFARBC 959 $aFSPBC 959 $aFARBC 996 $aApproccio strategico alla pianificazione$963630 997 $aUNINA LEADER 01177nam2-2200373---450- 001 990003258650203316 005 20090528160144.0 010 $a978-1-4073-0309-3 035 $a000325865 035 $aUSA01000325865 035 $a(ALEPH)000325865USA01 035 $a000325865 100 $a20090528d2008----km-y0itay50------ba 101 $afre 102 $aGB 105 $a||||||||001yy 200 1 $aHomosexualité et imaginaire sexuel chez les Aztèques$fNicolas Balutet 210 $aOxford$cArchaeopress$d2008 215 $a193 p.$cill.$d30 cm 225 2 $aBAR International series$v1823 225 2 $aParis monographs in American archaeology$v22 410 0$1001000018484$aBAR International series 606 0 $aAztechi$xCostumi sessuali$2BNCF 676 $a972.018 700 1$aBALUTET,$bNicolas$0604518 801 0$aIT$bsalbc$gISBD 912 $a990003258650203316 951 $aXI.5. Coll.12/563$b211568 L.M.$cXI.5.$d00015543 959 $aBK 969 $aUMA 979 $aGIUSY$b90$c20090528$lUSA01$h1559 979 $aGIUSY$b90$c20090528$lUSA01$h1601 996 $aHomosexualité et imaginaire sexuel chez les Aztèques$91119977 997 $aUNISA